000 00597nam a2200229Ia 4500
003 OSt
005 20220928144049.0
006 a|||||r|||| 00| 0
007 ta
008 220927b |||||||| |||| 00| 0 eng d
024 _a23956
037 _cTextual
040 _aSDCL
_cSDCL
_beng
041 _2eng
_aeng
082 _aI:424, N7.3
100 _aStacey Gary Ed.
_9506634
245 0 _aPlant-microbe interactions.3V
260 _c1997
700 _a Keen Noel T Ed.
_9506635
942 _hI:424, N7.3
_cTEXL
_2CC
999 _c825881
_d825881